Dr. John R. Mott, (Record no. 71211)

MARC details
000 -LEADER
fixed length control field 00642cam a22002171 4500
001 - CONTROL NUMBER
control field sa 66007469
003 - CONTROL NUMBER IDENTIFIER
control field DLC
005 - DATE AND TIME OF LATEST TRANSACTION
control field 20260227112305.0
008 - FIXED-LENGTH DATA ELEMENTS--GENERAL INFORMATION
fixed length control field 890926s1960 io 000 0 ind
010 ## - LIBRARY OF CONGRESS CONTROL NUMBER
LC control number sa 66007469
035 ## - SYSTEM CONTROL NUMBER
System control number (OCoLC)23544430
040 ## - CATALOGING SOURCE
Original cataloging agency DLC
Transcribing agency MiU
Modifying agency DLC
042 ## - AUTHENTICATION CODE
Authentication code premarc
050 00 - LIBRARY OF CONGRESS CALL NUMBER
Classification number BV1085.M75
Item number F7 1960
100 1# - MAIN ENTRY--PERSONAL NAME
Personal name Fransz, A. L.
245 10 - TITLE STATEMENT
Title Dr. John R. Mott,
Remainder of title pelopor pekabaran Indjil dan kesatuan Kristen [oleh] A. L. Fransz.
250 ## - EDITION STATEMENT
Edition statement Tjet. 2.
260 ## - PUBLICATION, DISTRIBUTION, ETC.
Place of publication, distribution, etc. [Djakarta]
Name of publisher, distributor, etc. Badan Penerbit Kristen
Date of publication, distribution, etc. [1960]
300 ## - PHYSICAL DESCRIPTION
Extent 128 p.
Other physical details port.
Dimensions 18 cm.
600 10 - SUBJECT ADDED ENTRY--PERSONAL NAME
Personal name Mott, John R.
Fuller form of name (John Raleigh),
Dates associated with a name 1865-1955.

No items available.

Powered by Koha